000 00755nam a2200265Ia 4500
003 OSt
005 20220925214702.0
006 a|||||r|||| 00| 0
007 ta
008 220923b |||||||| |||| 00| 0 eng d
020 _a0714644986
037 _cGeneral Book
040 _aRTL
_cRTL
_beng
041 _2eng
_aeng
082 _aX:9N2.2.N9, N9
100 _aBrass Tom
_920234
245 0 _aTowards a comparative political economy of unfree
260 _aLondon
_bFrank Cass
_c1999
300 _axii, 348p Bibliography: P 305-22
_ccm.
490 _aLibrary of Peasant Studies
650 _a Economics
650 _aBonded Labour
_9280938
942 _hX:9N2.2.N9, N9
_cGB
_2CC
999 _c566259
_d566259